BILATERAL TRADE BETWEEN NIGERIA AND SOUTH AFRICA

Bibliográfiai részletek
Szerző: Vakporaye Miss Prisca
További közreműködők: Tölgyessy Péterné Sass Dr Magdolna
Dokumentumtípus: Diplomadolgozat
Kulcsszavak:BILATERAL TRADE
NIGERIA AND SOUTH AFRICA
GRAVITY MODEL
Online Access:http://dolgozattar.uni-bge.hu/20607

MARC

LEADER 00000nta a2200000 i 4500
001 dolg20607
005 20190506105936.0
008 190506suuuu hu om 000 eng d
040 |a BGE Dolgozattár Repozitórium  |b hun 
041 |a en 
100 1 |a Vakporaye Miss Prisca 
245 1 0 |a BILATERAL TRADE BETWEEN NIGERIA AND SOUTH AFRICA  |c Vakporaye Miss Prisca  |h [elektronikus dokumentum] 
246 1 1 |a BILATERAL TRADE BETWEEN NIGERIA AND SOUTH AFRICA 
520 3 |a Irrespective of the slow stride of the African Union, the African continent has been able to make substantial economic growth and development, however, a lot of work remains. Using two of Africa’s economic giants, Nigeria, and South Africa, this paper aims to assess the determinants of bilateral trade flows between Nigeria and South Africa by evaluating various factors and examining both countries economic position on an individual level. The study makes use of conclusions prescribed by many authors and uses the gravity model to make a thorough analysis of the variables mentioned. Both qualitative and quantitative reports and results were used to find the determining factor of bilateral trade flows between Nigeria and South Africa and what this relationship means for the African Continent as a whole. 
695 |a BILATERAL TRADE 
695 |a NIGERIA AND SOUTH AFRICA 
695 |a GRAVITY MODEL 
700 1 |a Tölgyessy Péterné Sass Dr Magdolna  |e ths 
856 4 0 |u http://dolgozattar.uni-bge.hu/20607/1/PRISCA%20FULL%20THESIS.pdf  |z Dokumentum-elérés